[Event "Feffernitz Raika op 07th"]
[Site "Feffernitz"]
[Date "1998.08.22"]
[Round "?"]
[White "Singer, Felix"]
[Black "Kofler, Michael"]
[Result "1/2-1/2"]
[WhiteElo "1837"]
[BlackElo "1668"]
[PlyCount "38"]
[EventDate "1998.08.??"]
[EventType "swiss"]
[EventRounds "9"]
[EventCountry "AUT"]
[SourceTitle "EXT 2004"]
[Source "ChessBase"]
[SourceDate "2003.11.25"]
[SourceVersion "1"]
[SourceVersionDate "2003.11.25"]
[SourceQuality "1"]

1. Nf3 Nc6 2. c4 e5 3. Nc3 Nf6 4. g3 Bc5 5. Bg2 0-0 6. 0-0 a6 7. d3 h6 8. a3 Bd4 9. e3 Bxc3 10. bxc3 d6 11. e4 Bg4 12. Be3 b6 13. Qc2 Na5 14. Rfd1 Qe7 15. h3 Bh5 16. Rd2 Rad8 17. Nh4 Bg6 18. a4 Bh7 19. Re1 Nd7 1/2-1/2

[Event "Feffernitz Raika op 07th"]
[Site "Feffernitz"]
[Date "1998.08.16"]
[Round "?"]
[White "Striessnig, Herwig"]
[Black "Singer, Felix"]
[Result "0-1"]
[WhiteElo "2500"]
[BlackElo "1837"]
[PlyCount "92"]
[EventDate "1998.08.??"]
[EventType "swiss"]
[EventRounds "9"]
[EventCountry "AUT"]
[SourceTitle "EXT 2004"]
[Source "ChessBase"]
[SourceDate "2003.11.25"]
[SourceVersion "1"]
[SourceVersionDate "2003.11.25"]
[SourceQuality "1"]

1. e4 c5 2. d3 Nc6 3. Nf3 g6 4. g3 Bg7 5. Bg2 Qb6 6. c3 Nf6 7. 0-0 0-0 8. Qe2 Re8 9. b3 d5 10. exd5 Nxd5 11. Bb2 Bf5 12. c4 Nf6 13. Nc3 Rad8 14. Rad1 Rd7 15. Rfe1 Qd8 16. Ne5 Nxe5 17. Qxe5 Ne4 18. Qf4 Nxc3 19. Bxc3 Bxc3 20. Re3 e5 21. Qh4 Qxh4 22. gxh4 e4 23. f3 Bd4 24. Rde1 exf3 25. Bxf3 Rxe3 26. Rxe3 Bxe3+ 27. Kg2 Bxd3 28. h5 Bb1 29. a3 Bc1 30. a4 Bc2 31. a5 Bxb3 32. hxg6 hxg6 33. Kf2 Bxc4 34. h4 Bd5 35. Bxd5 Rxd5 36. h5 gxh5 37. a6 bxa6 38. Kg3 a5 39. Kh4 a4 40. Kh3 a3 41. Kg2 a2 42. Kg3 a1Q 43. Kh4 Qa4+ 44. Kg3 Rd3+ 45. Kf2 Qc2+ 46. Kf1 Rd1# 0-1

[Event "Werfen op-B"]
[Site "Werfen"]
[Date "1994.??.??"]
[Round "2"]
[White "Wenger, Anton"]
[Black "Singer, Felix"]
[Result "0-1"]
[WhiteElo "1670"]
[BlackElo "1850"]
[PlyCount "100"]
[EventDate "1994.08.??"]
[EventType "swiss"]
[EventRounds "9"]
[EventCountry "AUT"]
[SourceTitle "EXT 2000"]
[Source "ChessBase"]
[SourceDate "1999.11.16"]
[SourceVersion "1"]
[SourceVersionDate "1999.11.16"]
[SourceQuality "1"]

1. e4 c5 2. Nf3 Nc6 3. Nc3 e6 4. d4 cxd4 5. Nxd4 a6 6. Be3 Nf6 7. Be2 d6 8. Qd2 Qc7 9. a3 Be7 10. h3 Bd7 11. 0-0-0 Nxd4 12. Qxd4 e5 13. Qd2 h6 14. g4 Bc6 15. f3 0-0-0 16. Nd5 Bxd5 17. exd5 Nd7 18. Kb1 Kb8 19. Qb4 Nc5 20. Bxc5 dxc5 21. Qe4 g6 22. Rd3 Qd6 23. Rhd1 Rd7 24. Rb3 Ka7 25. Re3 Bf6 26. c4 Re8 27. Qc2 Bh4 28. b4 Bf2 29. Rb3 b6 30. Bd3 Bd4 31. Qd2 Rh8 32. a4 cxb4 33. Qxb4 Bc5 34. Qd2 a5 35. Rc1 h5 36. Rb5 hxg4 37. hxg4 Bb4 38. Qf2 Bc5 39. Qg2 Qf6 40. Qg3 Bd4 41. Be4 Rc7 42. Rb3 Qg5 43. Rd3 Rhc8 44. Rxd4 exd4 45. Qd6 Qe3 46. Qf6 Qb3+ 47. Ka1 Qxa4+ 48. Kb1 Qb3+ 49. Ka1 Rxc4 50. Qxf7+ Ka6 0-1